01012nam a2200217 a 450000100100000000500170001000800410002702000150006804000250008310000750010824501550018326000270033830000210036549000350038650400730042171000810049471000540057583000420062995201060067199900170077700004180820201002035752.0130927s1983 sp 000 0 spa d a8400054857 aDO-SdBNPbspacBNPHU1 aTudella y Bueso , Juan PerézdPérez de Tudela y Bueso, Juan96868110aMirabilis in altis :bestudio crítico sobre el origen y significado del proyecto descubridor de Cristobal Colón /cJuan Pérez de Tudela y Bueso. aMadrid :bCSIC,c1983. a429 p. ;c25 cm.1 aTierra nueva e cielo nuevov11 aIncluye referencias bibliográficas y notas al pie de las páginas2 aConsejo Superior de Investigaciones Científicas, (España) Consejo9686822 aInstituto "Gonzalo Fernández de Oviedo".959992 0aTierra nueva e cielo nuevov11915388 0010507-18MOaGRbGRcOId2013-10-17iLF1l0o p41808-10r2020-06-25w2020-06-25y1ZNo se presta c41297d41297